01182nam a2200181 a 4500001001000000005001700010008004100027041000800068044000700076084002000083100002200103245066300125260003800788300003100826500001700857500007700874650004900951BRCA_908320190320210521.0110917s1792----sp-#######---#000-0#spa-# aspa asp aBE66b.B83 17921 aBuchan, Guillermo10aFarmacopedia y tabla general de las materias contenidas en la medicina domestica del celebre Buchan, M. D. del real colegio Medico de Edimburgobcon la explicación de los términos temnicos o facultativos usados en ella, y la descripción y preparación de los remedios compuestos que van mencionados, con otra característica de todas las plantas y medicinas simples: recetas de la Farmacopeas de Londres y Edimburgo, y otras de igual naturaleza, á que se agrega un especial tratado de aguas minerales con su análisis : observaciones sobre la dosis, usos y modos de aplicarlos en las diferentes preparaciones; todo por orden alfabético: tomo v. aMadridbEn la Imprenta Realc1792 a419 p. (t.5)c22.3 x 16 cm aCon licencia aEstado físico: presenta encuadernación en pergamino con cintas rotas14aMedicina preventivayObras anteriores a 1800